| 000 | 00741nam a2200289Ia 4500 | ||
|---|---|---|---|
| 008 | 161027s9999||||xx |||||||||||||| ||und|| | ||
| 040 | _cSanskrit | ||
| 082 | _aX.B | ||
| 082 | _bBORI-25483 | ||
| 100 | _aShri Bhadrabahuswami | ||
| 245 | _aShriKalpsutra (Barsasutra) Sachitram | ||
| 260 | _aSurat | ||
| 260 | _bSheth Ghelabhai Lalbhai Javeri | ||
| 260 | _c1951 | ||
| 300 | _a91pp | ||
| 300 | _cC | ||
| 300 | _ehardbound | ||
| 530 | _u000012074.Pdf. | ||
| 563 | _atext | ||
| 600 | _aShri Bhadrabahuswami | ||
| 630 | _aShriKalpsutra (Barsasutra) Sachitram | ||
| 650 | _abuddhism & jainism | ||
| 650 | _aJainism | ||
| 700 | _aShri Bhadrabahuswami | ||
| 730 | _aShriKalpsutra (Barsasutra) Sachitram | ||
| 942 | _cBOOK | ||
| 999 |
_c1401104 _d1401101 |
||